00877nam a2200241 a 4500020001700000041001400017082001700031100002600048245012100074260004500195300001800240500002600258500002000284520011900304650001100423650002200434650001300456700002100469700002100490942000700511952010000518999001700618 a8171204058 :0 aeng / san00a181.482bSAN0 aŚaṅkarācārya.10a Vivekacūḍāmaṇi of Śrī Śaṅkarācārya : Sanskrit text with transliteration , translation and Index aMadras :bSri Ramakrishna Math,c[1992?] axii, 271 p. ; aEnglish and Sanskrit. aIncludes index. aSanskrit verse work, with English translation on the non-dualistic (Advaita) Vedanta approach to self-realization. 0aAtman. 0aSelf-realization. 0aAdvaita.0 aBrahmaprāṇa,1 aTurīyānanda, cBK 00104070aHMIbHMIcGENd2019-02-08g80.00l0o181.482 SANp25552r2019-02-08w2019-02-08yBK c22617d22617